Méry / (Record no. 159799)

MARC details
000 -LEADER
campo de control de longitud fija 00843nam a22002175i 4500
001 - NÚMERO DE CONTROL
campo de control 159799
003 - IDENTIFICADOR DE NÚMERO DE CONTROL
campo de control ES-MaACL
005 - FECHA Y HORA DE LA ÚLTIMA TRANSACCIÓN
campo de control 20250820123229.0
008 - DATOS DE LONGITUD FIJA--INFORMACIÓN GENERAL
campo de control de longitud fija 040726s1867 fr a |||| | fre d
040 ## - FUENTE DE CATALOGACIÓN
Centro catalogador/agencia de origen CAM
Lengua de catalogación spa
Centro/agencia transcriptor CAM
100 1# - ENTRADA PRINCIPAL--NOMBRE DE PERSONA
Nombre de persona Mirecourt, Eugène de,
Fechas asociadas al nombre 1812-1880
9 (RLIN) 129980
245 10 - MENCIÓN DEL TÍTULO
Título Méry /
Mención de responsabilidad, etc. par Eugène de Mirecourt.
260 ## - PUBLICACIÓN, DISTRIBUCIÓN, ETC.
Lugar de publicación, distribución, etc. Paris :
Nombre del editor, distribuidor, etc. Achille Faure éditeur,
Fecha de publicación, distribución, etc. 1867 (
Lugar de fabricación/manufactura Mirecourt :
Fabricante Typographie L.-Ph. Costet)
300 ## - DESCRIPCIÓN FÍSICA
Extensión 71 p., [1] h. de lám. ;
Dimensiones 14 cm.
490 1# - MENCIÓN DE SERIE
Mención de serie Histoire contemporaine : portraits et silhouettes au XIX\pe\s siécle
599 ## - NOTA A LAS ILUSTRACIONES
NOTA A LAS ILUSTRACIONES La h. de lám. retrato de Méry.
600 14 - PUNTO DE ACCESO ADICIONAL DE MATERIA--NOMBRE DE PERSONA
Nombre de persona Méry, Joseph,
Fechas asociadas al nombre 1797-1866
9 (RLIN) 80623
830 0# - PUNTO DE ACCESO ADICIONAL DE SERIE-TÍTULO UNIFORME
Título uniforme Histoire contemporaine : portraits et silhouettes au XIX\pe\s siécle
9 (RLIN) 188243
852 ## - LOCALIZACIÓN
Ubicación ES-MaACL
Número de control de estantería G-14957(7)
Nota libre -- Enc. hol.
Holdings
Estatus retirado Estado de pérdida Estado de daño No para préstamo Colección Biblioteca de origen Biblioteca actual Ubicación en estantería Fecha de adquisición Fuente de adquisición Total de préstamos Signatura topográfica completa Código de barras Visto por última vez Precio de reemplazo Tipo de ítem Koha
        Libros del s. XIX Biblioteca del Ateneo de Madrid Biblioteca del Ateneo de Madrid Sala Pecera Planta 3 17/01/2008     G-14957(7) 1167288 23/02/2023 23/02/2023 Libro impreso antiguo